| 000 | 01464cam a22003253a 4500 | ||
|---|---|---|---|
| 001 | 31481 | ||
| 003 | PGUSA | ||
| 005 | 20140828083700.0 | ||
| 008 | 100303s2010||||xxu|||||s|||||000 | eng d | ||
| 040 |
_aPGUSA _beng |
||
| 042 | _adc | ||
| 050 | 4 | _aGR | |
| 050 | 4 | _aPZ | |
| 100 | 1 | _aSellers, Charles | |
| 245 | 1 | 0 |
_aTales from the Lands of Nuts and Grapes (Spanish and Portuguese Folklore) _h[electronic resource] / _cCharles Sellers |
| 260 |
_bProject Gutenberg, _c2010 |
||
| 505 | 0 | _aThe ingenious student -- The ugly princess -- The wolf-child -- The magic mirror -- The black slave -- The legend of St. Bartholomew -- The white cat of Ecija -- The church auctioneer and clown of Villar -- The wise king of Leon -- The cobbler of Burgos -- Barbara, the grazier's wife -- The watchful servant -- Silver bells -- King Robin -- The wicked king -- The palace of the enchanted Moors -- The seven pigeons -- Lady Clare -- Good St. James, and the merry barber of Compostella -- Elvira, the sainted princess -- The enchanted mule. | |
| 506 | _aPublic domain in the USA. | ||
| 516 | _aElectronic text | ||
| 653 | _aFairy tales | ||
| 653 | _aFolklore -- Spain | ||
| 653 | _aChildren's stories, Spanish | ||
| 653 | _aFolklore -- Portugal | ||
| 653 | _aTales -- Spain | ||
| 653 | _aChildren's stories, Portuguese | ||
| 653 | _aTales -- Portugal | ||
| 830 | 0 |
_aProject Gutenberg _v31481 |
|
| 856 | 4 | 0 | _uhttp://www.gutenberg.org/ebooks/31481 |
| 942 | _cEB | ||
| 999 |
_c260736 _d260736 |
||